[Event "WchT Seniors 65"]
[Site "Struga"]
[Date "2023.09.20"]
[Round "2.2"]
[White "Karppinen, Martti"]
[Black "Fletcher, John T"]
[Result "0-1"]
[WhiteElo "1856"]
[BlackElo "2002"]
[PlyCount "84"]
[EventDate "2023.09.19"]
[EventType "team-swiss"]
[EventRounds "9"]
[EventCountry "MKD"]
[SourceTitle "EXT 2024"]
[Source "ChessBase"]
[SourceDate "2023.10.10"]
[SourceVersion "1"]
[SourceVersionDate "2023.10.10"]
[SourceQuality "1"]
[WhiteTeam "Finland 65 II"]
[BlackTeam "Wales Silures 65"]
[WhiteTeamCountry "FIN"]
[BlackTeamCountry "WLS"]

1. d4 Nf6 2. c4 e6 3. Nf3 d5 4. Nc3 Bb4 5. Qa4+ Nc6 6. a3 Bxc3+ 7. bxc3 Ne4 8. Bb2 0-0 9. cxd5 exd5 10. e3 Bg4 11. Be2 a6 12. c4 b5 13. cxb5 axb5 14. Qc2 Na5 15. Bxb5 Bxf3 16. gxf3 Ng5 17. Ke2 Rb8 18. Bd3 c5 19. dxc5 Nb3 20. Rab1 d4 21. h4 Ne6 22. Bxh7+ Kh8 23. c6 Qe7 24. Be4 dxe3 25. c7 Rbc8 26. Qxb3 f5 27. fxe3 fxe4 28. fxe4 Qf7 29. Qd5 Qf3+ 30. Kd2 Rxc7 31. Qxe6 Qf2+ 32. Kd3 Rd8+ 33. Qd5 Qc2+ 34. Kd4 Qc4+ 35. Ke5 Re7+ 36. Kf5 Rxd5+ 37. exd5 Qxd5+ 38. Kg4 Qe4+ 39. Kg3 Qxe3+ 40. Kg4 Re4+ 41. Kf5 Qf4+ 42. Kg6 Re6+ 0-1

[Event "BCF-chT4 2223 (4NCL)"]
[Site "England"]
[Date "2023.04.30"]
[Round "10.32"]
[White "Fletcher, John T"]
[Black "Pleasants, Allan J"]
[Result "1-0"]
[WhiteElo "2014"]
[BlackElo "1963"]
[PlyCount "95"]
[EventDate "2022.11.05"]
[EventType "team-swiss"]
[EventRounds "11"]
[EventCountry "ENG"]
[SourceTitle "EXT 2024"]
[Source "ChessBase"]
[SourceDate "2023.10.10"]
[SourceVersion "1"]
[SourceVersionDate "2023.10.10"]
[SourceQuality "1"]
[WhiteTeam "The Full Ponty"]
[BlackTeam "Wessex Some Stars"]
[WhiteTeamCountry "ENG"]
[BlackTeamCountry "ENG"]

1. e4 g6 2. d4 Bg7 3. Nc3 d6 4. Be3 a6 5. Qd2 Nd7 6. h4 h6 7. Nge2 b5 8. Ng3 Nb6 9. Bd3 h5 10. a3 Nf6 11. f3 c6 12. 0-0 Qc7 13. Rae1 e5 14. dxe5 dxe5 15. Qf2 Nbd7 16. Rd1 Bb7 17. Be2 0-0 18. Rd2 Rfe8 19. Rfd1 c5 20. a4 b4 21. Nd5 Nxd5 22. exd5 c4 23. d6 Qc6 24. Ne4 c3 25. bxc3 bxc3 26. Rd3 Qxa4 27. Rxc3 Rac8 28. Rc7 Bc6 29. Nc5 Nxc5 30. Bxc5 Red8 31. Rxc8 Rxc8 32. Bd3 Bf6 33. Be4 Bxe4 34. fxe4 Bd8 35. d7 Rb8 36. Qd2 Qc6 37. Ba3 Bxh4 38. Bd6 Re8 39. Bxe5 Qc5+ 40. Bd4 Qc6 41. Ba1 Qb6+ 42. Kh1 Bf6 43. e5 Be7 44. Bc3 Rb8 45. Ba5 Qe6 46. d8Q+ Bxd8 47. Bxd8 Qxe5 48. Re1 1-0

[Event "WchT Seniors 50"]
[Site "Prague"]
[Date "2020.03.11"]
[Round "6.2"]
[White "Hejda, Antonin"]
[Black "Fletcher, John T"]
[Result "0-1"]
[WhiteElo "1907"]
[BlackElo "1969"]
[PlyCount "80"]
[EventDate "2020.03.06"]
[EventType "team-swiss"]
[EventRounds "7"]
[EventCountry "CZE"]
[SourceTitle "CBM 195 Extra"]
[Source "ChessBase"]
[SourceDate "2020.05.31"]
[SourceVersion "1"]
[SourceVersionDate "2020.05.31"]
[SourceQuality "1"]
[WhiteTeam "Czech Republic 50 X"]
[BlackTeam "Wales 50"]
[WhiteTeamCountry "CZE"]
[BlackTeamCountry "WLS"]

1. Nf3 d5 2. d4 e6 3. Bf4 Bd6 4. Ne5 f6 5. Nd3 Bxf4 6. Nxf4 Nh6 7. e3 0-0 8. Bd3 c6 9. c4 e5 10. Ne2 exd4 11. Nxd4 c5 12. Nf3 d4 13. e4 Nc6 14. h3 Nf7 15. 0-0 Be6 16. b3 Qd6 17. Nh4 Qf4 18. Nf5 g6 19. g3 Qc7 20. Qg4 Kh8 21. Qh4 Nfe5 22. Be2 d3 23. Bd1 gxf5 24. exf5 Bxf5 25. g4 Ng6 26. Qh5 Be6 27. Nd2 Nf4 28. Qh6 Qe5 29. Nf3 Qxa1 30. Qxf4 Ne5 31. Nh4 Qd4 32. Qh6 Rf7 33. Kh2 Rg8 34. f4 Nxg4+ 35. hxg4 Bxg4 36. Bxg4 Rxg4 37. Re1 Rg8 38. f5 d2 39. Rd1 Qf2+ 40. Kh1 Qe1+ 0-1

[Event "BCF-chT4S 1920 (4NCL)"]
[Site "England"]
[Date "2019.11.10"]
[Round "2.41"]
[White "Sahinoz, Giulio O"]
[Black "Fletcher, John T"]
[Result "1/2-1/2"]
[WhiteElo "1919"]
[BlackElo "2015"]
[PlyCount "88"]
[EventDate "2019.11.09"]
[EventType "team-swiss"]
[EventRounds "11"]
[EventCountry "ENG"]
[SourceTitle "EXT 2022"]
[Source "ChessBase"]
[SourceDate "2021.10.06"]
[SourceVersion "1"]
[SourceVersionDate "2021.10.06"]
[SourceQuality "1"]
[WhiteTeam "Poisoned Pawns Next Generation"]
[BlackTeam "The Full Ponty"]
[WhiteTeamCountry "ENG"]
[BlackTeamCountry "WLS"]

1. d4 Nf6 2. c4 e6 3. Nc3 d5 4. Bg5 Bb4 5. e3 h6 6. Bxf6 Qxf6 7. Qa4+ Nc6 8. cxd5 exd5 9. Bb5 0-0 10. Bxc6 Bxc3+ 11. bxc3 bxc6 12. Nf3 Qg6 13. 0-0 Bh3 14. Nh4 Qg5 15. Qxc6 Rae8 16. Qxc7 Qxh4 17. gxh3 Re6 18. Qf4 Qxh3 19. Kh1 Rc8 20. Rg1 g5 21. Rac1 Kf8 22. Qg3 Qxg3 23. hxg3 Rec6 24. Kg2 Rxc3 25. Rxc3 Rxc3 26. Rb1 Rc2 27. a4 Ra2 28. Rb5 Rxa4 29. Rxd5 Ke7 30. Kf3 Ra2 31. Rc5 a5 32. Rc7+ Kf6 33. Rc6+ Kg7 34. g4 a4 35. Ra6 a3 36. d5 Rd2 37. Rxa3 Rxd5 38. Ra6 Rd2 39. Rb6 Ra2 40. Rc6 f6 41. Rb6 Rc2 42. Ra6 Rb2 43. Rc6 Kg6 44. Kg3 Rb3 1/2-1/2

[Event "Telford 4NCL op 22nd"]
[Site "Telford"]
[Date "2019.07.20"]
[Round "3"]
[White "Han, Yichen"]
[Black "Fletcher, John T"]
[Result "1-0"]
[WhiteElo "2217"]
[BlackElo "1999"]
[PlyCount "67"]
[EventDate "2019.07.19"]
[EventType "swiss"]
[EventRounds "5"]
[EventCountry "ENG"]
[SourceTitle "EXT 2020"]
[Source "ChessBase"]
[SourceDate "2019.10.17"]
[SourceVersion "1"]
[SourceVersionDate "2019.10.17"]
[SourceQuality "1"]

1. d4 Nf6 2. Nf3 d5 3. Bf4 e6 4. e3 Bd6 5. Bg3 Qe7 6. Bd3 Bxg3 7. hxg3 Qb4+ 8. Nbd2 Qxb2 9. 0-0 Nbd7 10. Qe2 0-0 11. e4 dxe4 12. Nxe4 Qa3 13. Nxf6+ Nxf6 14. g4 Qd6 15. g5 Nd5 16. Qe4 g6 17. Ne5 f6 18. gxf6 Rxf6 19. Qh4 Rf4 20. Qg3 Rf6 21. Qg5 Qf8 22. g3 Qe7 23. c4 Nb4 24. Ng4 Rf7 25. Nh6+ Kg7 26. Nxf7 Qxf7 27. Be4 Bd7 28. Rab1 Nc6 29. Rxb7 Rc8 30. d5 Ne7 31. Qe5+ Qf6 32. Qxf6+ Kxf6 33. d6 Bc6 34. Bxc6 1-0

[Event "BCF-chT4S 1819 (4NCL)"]
[Site "England"]
[Date "2019.05.04"]
[Round "9.91"]
[White "Fletcher, John T"]
[Black "Vaidya, Raghav"]
[Result "1-0"]
[WhiteElo "1974"]
[BlackElo "1682"]
[PlyCount "95"]
[EventDate "2018.11.17"]
[EventType "team-swiss"]
[EventRounds "11"]
[EventCountry "ENG"]
[SourceTitle "EXT 2021"]
[Source "ChessBase"]
[SourceDate "2020.10.23"]
[SourceVersion "1"]
[SourceVersionDate "2020.10.23"]
[SourceQuality "1"]
[WhiteTeam "The Full Ponty"]
[BlackTeam "Barnet Knights II"]
[WhiteTeamCountry "WLS"]
[BlackTeamCountry "ENG"]

1. d4 Nf6 2. Nc3 d5 3. Bg5 h6 4. Bxf6 exf6 5. e3 Be6 6. Nge2 g5 7. Ng3 Bd6 8. Bd3 Nc6 9. Nh5 Be7 10. Ng7+ Kf8 11. Nxe6+ fxe6 12. h4 Kg7 13. Qh5 Qe8 14. Qf3 Nb4 15. 0-0-0 Nxd3+ 16. Rxd3 Bb4 17. e4 Bxc3 18. Rxc3 c6 19. Re1 Qd7 20. exd5 exd5 21. Rce3 Rhe8 22. Qe2 Rxe3 23. Qxe3 Kf8 24. Qf3 Qf7 25. Qa3+ Kg8 26. Re7 Qg6 27. Qd6 gxh4 28. Rxb7 Qe4 29. Qe7 Qxe7 30. Rxe7 a5 31. Re6 Rf8 32. Rxc6 Kg7 33. Rc5 f5 34. Rxd5 Kg6 35. c4 f4 36. Re5 f3 37. gxf3 h3 38. Re1 Rxf3 39. Rh1 Rxf2 40. Rxh3 Rf4 41. Rd3 h5 42. c5 h4 43. Kd2 h3 44. Rxh3 Rxd4+ 45. Kc3 Rd5 46. Kc4 Rd2 47. c6 Rxb2 48. c7 1-0

[Event "BCF-chT4S 1819 (4NCL)"]
[Site "England"]
[Date "2018.11.17"]
[Round "1.11"]
[White "Fletcher, John T"]
[Black "Smith, Olivia"]
[Result "1/2-1/2"]
[WhiteElo "1974"]
[BlackElo "2110"]
[PlyCount "160"]
[EventDate "2018.11.17"]
[EventType "team-swiss"]
[EventRounds "11"]
[EventCountry "ENG"]
[SourceTitle "EXT 2021"]
[Source "ChessBase"]
[SourceDate "2020.10.23"]
[SourceVersion "1"]
[SourceVersionDate "2020.10.23"]
[SourceQuality "1"]
[WhiteTeam "The Full Ponty"]
[BlackTeam "Fischer's Catch"]
[WhiteTeamCountry "WLS"]
[BlackTeamCountry "WLS"]

1. d4 Nf6 2. Nc3 d5 3. Bg5 e6 4. e4 Be7 5. e5 Nfd7 6. Bxe7 Qxe7 7. Qd2 a6 8. f4 c5 9. Nf3 Nc6 10. dxc5 Qxc5 11. 0-0-0 b5 12. Bd3 Bb7 13. f5 0-0-0 14. fxe6 fxe6 15. Rde1 h6 16. Qf4 b4 17. Na4 Qa5 18. b3 Nc5 19. Nxc5 Qxc5 20. Qf7 Qe7 21. Qxe7 Nxe7 22. Nd4 Kd7 23. Rhf1 Rhf8 24. Kd2 Nc6 25. Nxc6 Kxc6 26. Ke3 d4+ 27. Ke2 Kc5 28. g3 a5 29. Bc4 Bd5 30. Bd3 Bc6 31. Bc4 Be4 32. Kd2 Bf5 33. Rf4 g5 34. Rf2 Bh3 35. Rf6 Rxf6 36. exf6 Kd6 37. Kd3 Rf8 38. Kxd4 Rxf6 39. Re5 Rf2 40. Bd3 Bf5 41. Rxa5 Bxd3 42. cxd3 Rxh2 43. Ra6+ Ke7 44. Ra4 Rg2 45. Rxb4 Rxa2 46. g4 Kf6 47. Kc3 h5 48. gxh5 Rh2 49. Re4 Rxh5 50. b4 Kf5 51. b5 g4 52. b6 Rh8 53. Kd4 Rd8+ 54. Ke3 Rb8 55. Rb4 Ke5 56. b7 Kd5 57. Kf4 Kc6 58. Ke5 Rxb7 59. Rxg4 Re7 60. Rc4+ Kb5 61. Rd4 Rh7 62. Kxe6 Rh6+ 63. Ke5 Rh5+ 64. Ke4 Rh4+ 65. Ke3 Rh3+ 66. Kd2 Kc5 67. Rg4 Kd5 68. Kc3 Rh1 69. Rg5+ Kd6 70. Kc4 Kd7 71. Kd5 Rh6 72. d4 Ra6 73. Rg7+ Kd8 74. Ke5 Rb6 75. Ra7 Rh6 76. d5 Rb6 77. Kd4 Rh6 78. Kc4 Rg6 79. Rh7 Rf6 80. Rh8+ Kd7 1/2-1/2

[Event "WchT Seniors 50"]
[Site "Dresden"]
[Date "2018.07.09"]
[Round "3.2"]
[White "Hoehn, Michael"]
[Black "Fletcher, John T"]
[Result "0-1"]
[WhiteElo "2053"]
[BlackElo "1943"]
[PlyCount "92"]
[EventDate "2018.07.07"]
[EventType "team-swiss"]
[EventRounds "9"]
[EventCountry "GER"]
[SourceTitle "EXT 2021"]
[Source "ChessBase"]
[SourceDate "2020.10.23"]
[SourceVersion "1"]
[SourceVersionDate "2020.10.23"]
[SourceQuality "1"]
[WhiteTeam "Offenbach"]
[BlackTeam "Wales Silures"]
[WhiteTeamCountry "GER"]
[BlackTeamCountry "WLS"]

1. e4 c5 2. d4 cxd4 3. c3 Nf6 4. e5 Nd5 5. Bc4 Nb6 6. Bb3 d6 7. Nf3 e6 8. cxd4 Nc6 9. 0-0 dxe5 10. dxe5 Qxd1 11. Rxd1 Be7 12. Nc3 0-0 13. Bf4 Bd7 14. Be3 Rfd8 15. Bxb6 axb6 16. Na4 Ra6 17. Rac1 Be8 18. Rxd8 Bxd8 19. Nc3 Ra5 20. Ne4 Kf8 21. Nd6 Nxe5 22. Rc8 Nxf3+ 23. gxf3 Rg5+ 24. Kf1 Ke7 25. Nxb7 Bb5+ 26. Ke1 Ba6 27. Rxd8 Bxb7 28. Rb8 Bxf3 29. Rxb6 Re5+ 30. Kd2 Re2+ 31. Kc3 Rxf2 32. a4 Rxh2 33. a5 g5 34. a6 Rh1 35. Ba4 g4 36. Rb7+ Kf6 37. Be8 Rc1+ 38. Kb4 Rc8 39. Rxf7+ Ke5 40. Bb5 h5 41. Ka5 h4 42. Rh7 h3 43. Bd7 Rc7 44. Rh5+ Kd6 45. Bb5 Rc5 46. Rh8 Bc6 0-1

[Event "WchT Seniors 50"]
[Site "Dresden"]
[Date "2018.07.08"]
[Round "2.2"]
[White "Fletcher, John T"]
[Black "Berndt, Matthias"]
[Result "1-0"]
[WhiteElo "1943"]
[BlackElo "2077"]
[PlyCount "83"]
[EventDate "2018.07.07"]
[EventType "team-swiss"]
[EventRounds "9"]
[EventCountry "GER"]
[SourceTitle "EXT 2021"]
[Source "ChessBase"]
[SourceDate "2020.10.23"]
[SourceVersion "1"]
[SourceVersionDate "2020.10.23"]
[SourceQuality "1"]
[WhiteTeam "Wales Silures"]
[BlackTeam "Magdeburg TU"]
[WhiteTeamCountry "WLS"]
[BlackTeamCountry "GER"]

1. d4 d5 2. c4 dxc4 3. e4 c5 4. d5 Nf6 5. Nc3 e6 6. Bxc4 exd5 7. Nxd5 Nxd5 8. Bxd5 Be7 9. Nf3 0-0 10. 0-0 Qc7 11. Qb3 Nc6 12. h3 b6 13. e5 Bb7 14. Bf4 Na5 15. Bxf7+ Rxf7 16. Qxf7+ Kxf7 17. e6+ Kxe6 18. Bxc7 Bxf3 19. Rfe1+ Kd7 20. gxf3 Nc6 21. Be5 Nxe5 22. Rxe5 Bf6 23. Rd1+ Kc7 24. Re2 Rf8 25. a4 Rf7 26. b3 Kc6 27. Re6+ Kc7 28. Rd5 Bd4 29. Kg2 Bc3 30. h4 Kb7 31. Kg3 Kc7 32. f4 Kb7 33. h5 h6 34. f5 Kc7 35. Kf3 Bd4 36. Ke2 Kb7 37. f3 Ka6 38. Kd3 Ka5 39. Kc4 Rb7 40. b4+ Kxa4 41. bxc5 Bxc5 42. Rxc5 1-0

[Event "BCF-chT3S 1718 (4NCL) Demotion pool"]
[Site "England"]
[Date "2018.05.07"]
[Round "11.82"]
[White "Gregory, Andrew M"]
[Black "Fletcher, John T"]
[Result "0-1"]
[WhiteElo "2014"]
[BlackElo "1959"]
[PlyCount "86"]
[EventDate "2017.11.11"]
[EventType "team-tourn"]
[EventRounds "11"]
[EventCountry "ENG"]
[SourceTitle "EXT 2020"]
[Source "ChessBase"]
[SourceDate "2019.10.17"]
[SourceVersion "1"]
[SourceVersionDate "2019.10.17"]
[SourceQuality "1"]
[WhiteTeam "West is Best III"]
[BlackTeam "The Full Ponty"]
[WhiteTeamCountry "WLS"]
[BlackTeamCountry "WLS"]

1. d4 d5 2. Nf3 Nf6 3. e3 e6 4. Be2 c5 5. 0-0 Nc6 6. c3 Bd6 7. Nbd2 0-0 8. dxc5 Bxc5 9. b4 Bd6 10. b5 Ne5 11. Bb2 a6 12. a4 Nfg4 13. Nxe5 Nxe5 14. f4 Ng6 15. Nb3 e5 16. fxe5 Nxe5 17. Qd4 Qg5 18. h4 Qg3 19. Qf4 Nc4 20. Qxg3 Bxg3 21. Bxc4 dxc4 22. Na5 Rd8 23. Nxc4 Bg4 24. Nb6 Rab8 25. c4 Rd2 26. Bd4 Bxh4 27. c5 axb5 28. axb5 Be2 29. Rfb1 Bd3 30. Rb3 Be4 31. Rba3 Rxg2+ 32. Kf1 h6 33. R1a2 Rxa2 34. Rxa2 Bd3+ 35. Kg2 Bxb5 36. Rd2 Bc6+ 37. Kh3 Bg5 38. Nc4 Rd8 39. Nd6 b6 40. Rf2 f6 41. Nf5 Bd7 42. c6 Bxf5+ 43. Rxf5 Rc8 0-1

[Event "BCF-chT3Sa 1718 (4NCL)"]
[Site "England"]
[Date "2018.02.10"]
[Round "5.41"]
[White "Fletcher, John T"]
[Black "Nettleton, Charlie"]
[Result "0-1"]
[WhiteElo "1959"]
[BlackElo "2011"]
[PlyCount "48"]
[EventDate "2017.11.11"]
[EventType "team-tourn"]
[EventRounds "11"]
[EventCountry "ENG"]
[SourceTitle "EXT 2020"]
[Source "ChessBase"]
[SourceDate "2019.10.17"]
[SourceVersion "1"]
[SourceVersionDate "2019.10.17"]
[SourceQuality "1"]
[WhiteTeam "The Full Ponty"]
[BlackTeam "Cambridge University II"]
[WhiteTeamCountry "WLS"]
[BlackTeamCountry "ENG"]

1. d4 d5 2. e4 e6 3. Nd2 Nc6 4. Ngf3 Nf6 5. e5 Nd7 6. c3 f6 7. exf6 Qxf6 8. Bb5 Bd6 9. 0-0 0-0 10. Qa4 Nb6 11. Qb3 Kh8 12. a4 a6 13. Bd3 a5 14. Qc2 e5 15. Bxh7 Bg4 16. h3 Bh5 17. c4 e4 18. Bxe4 dxe4 19. Nxe4 Nxd4 20. Nxf6 Nxc2 21. Nxh5 Nxa1 22. Be3 Nb3 23. Nd4 Nxc4 24. Nxb3 Nxe3 0-1

[Event "BCF-chT3Sa 1718 (4NCL)"]
[Site "England"]
[Date "2017.11.11"]
[Round "1.11"]
[White "Willmoth, Robert"]
[Black "Fletcher, John T"]
[Result "1-0"]
[WhiteElo "2212"]
[BlackElo "1959"]
[PlyCount "53"]
[EventDate "2017.11.11"]
[EventType "team-tourn"]
[EventRounds "11"]
[EventCountry "ENG"]
[SourceTitle "EXT 2020"]
[Source "ChessBase"]
[SourceDate "2019.10.17"]
[SourceVersion "1"]
[SourceVersionDate "2019.10.17"]
[SourceQuality "1"]
[WhiteTeam "Barnet Knights"]
[BlackTeam "The Full Ponty"]
[WhiteTeamCountry "ENG"]
[BlackTeamCountry "WLS"]

1. d4 Nf6 2. Nf3 e6 3. c4 d5 4. g3 Be7 5. Bg2 0-0 6. 0-0 c6 7. b3 Nbd7 8. Nc3 b6 9. Bb2 Ba6 10. Nd2 Rc8 11. Re1 Bb4 12. a3 Bxc3 13. Bxc3 c5 14. dxc5 bxc5 15. cxd5 exd5 16. Bb2 d4 17. b4 Qb6 18. Nb3 Bc4 19. Nxc5 Nxc5 20. Bxd4 Rfd8 21. bxc5 Qa5 22. e3 Rxc5 23. Bxc5 Rxd1 24. Rexd1 h6 25. Bd4 Bd5 26. Bxf6 Bxg2 27. Bd8 1-0

[Event "WchT Seniors 50"]
[Site "Hersonissos"]
[Date "2017.05.01"]
[Round "8.7"]
[White "Fletcher, John T"]
[Black "Jakobsen, Oivind"]
[Result "1-0"]
[WhiteElo "1947"]
[BlackElo "1680"]
[PlyCount "85"]
[EventDate "2017.04.24"]
[EventType "team-swiss"]
[EventRounds "9"]
[EventCountry "GRE"]
[SourceTitle "EXT 2018"]
[Source "ChessBase"]
[SourceDate "2017.10.13"]
[SourceVersion "1"]
[SourceVersionDate "2017.10.13"]
[SourceQuality "1"]
[WhiteTeam "Wales"]
[BlackTeam "Oslo"]
[WhiteTeamCountry "WLS"]
[BlackTeamCountry "NOR"]

1. d4 c6 2. e4 d5 3. Nc3 dxe4 4. Nxe4 Bf5 5. Ng3 Bg6 6. Nf3 Nf6 7. Bd3 e6 8. 0-0 Be7 9. c3 Nbd7 10. Bg5 Nd5 11. Bxe7 Nxe7 12. Qd2 Qc7 13. Rfe1 0-0-0 14. Ng5 Rhf8 15. Bxg6 hxg6 16. c4 Nf5 17. Rad1 Nb6 18. Qb4 Rh8 19. Nf3 Nh6 20. Re3 Ng4 21. Ra3 Kb8 22. h3 Nh6 23. Ne5 Nf5 24. Nxf5 gxf5 25. Qa5 Nc8 26. Qxc7+ Kxc7 27. Nxf7 Rhf8 28. Nxd8 Rxd8 29. Rg3 Rd7 30. Rgd3 Nb6 31. b3 Kd8 32. Kf1 Ke7 33. Ke2 Kf6 34. h4 Re7 35. Kf3 g5 36. hxg5+ Kxg5 37. Rh1 Nd7 38. Ke2 Nf6 39. Rg3+ Ng4 40. f3 Kf4 41. Rgh3 Nf6 42. Rh6 Rf7 43. Rg6 1-0